000 00676nam a22001937a 4500
005 20240726143516.0
010 _aENG-141033
020 _c300.00
_a9789382582199
020 _c300.00
035 _aEN-124565
037 _bDBAD
082 _a491.469
100 _aN. Varija
_968972
245 _aDescriptive Study of Kudubi Dialect :
_cVarija N
_bSpoken by Kudubi Comunity of Uttara Kannada, Udupi And Dakshina Kannada District /
260 _aMangluru
_bKonkani Bhas Ani Sanskriti Prathistan
_c2015
270 _bMangluru
_aWorld Konkani Center, Konkani Goan, Shakti Nagar,
_e575016
300 _a209Pages
_c25cm(pbk)
942 _2ddc
_cEN
_h491.469
_mJAN
999 _c204522
_d204522